000 00619nam a2200205 u 4500
005 20220916063635.0
008 160503s2010 ea r 000 0 spa d
020 _a9781615903443
035 _aUPN01000210095
049 _aI
050 4 _aBF469
_bM5.6
100 1 _aMitten, Luana K.,
_d1965-
_938371
245 1 0 _aOpuestos :
_babierto y cerrado /
_cLuana K. Mitten.
260 _aMinnesota , E.U.A. :
_bRourke,
_c2010.
300 _a24 p. :
_bil. col.
650 4 _aPERCEPCION ESPACIAL -
_vLITERATURA INFANTIL
_924635
650 7 _aLibros ilustrados para niƱos
_2
_921365
905 _aInfantil
999 _c182196
_d182196